[Event "Gemuend op"]
[Site "Gemuend"]
[Date "1999.10.30"]
[Round "7"]
[White "Hopf, Manfred"]
[Black "Schamuhn, Manfred"]
[Result "1/2-1/2"]
[WhiteElo "1537"]
[BlackElo "1498"]
[PlyCount "39"]
[EventDate "1999.10.24"]
[EventType "swiss"]
[EventRounds "7"]
[EventCountry "GER"]
[SourceTitle "EXT 2003"]
[Source "ChessBase"]
[SourceDate "2002.11.25"]
[SourceVersion "1"]
[SourceVersionDate "2002.11.25"]
[SourceQuality "1"]

1. e4 c5 2. Nf3 Nc6 3. d4 cxd4 4. Nxd4 e5 5. Nf3 Nf6 6. Nc3 Be7 7. Bc4 a6 8. 0-0 0-0 9. Bg5 d6 10. h3 b5 11. Bxf6 Bxf6 12. Bb3 Bb7 13. Nd5 Na5 14. Nxf6+ Qxf6 15. Bd5 Qe7 16. Qd3 Rac8 17. Rfd1 Rfd8 18. b3 Nc6 19. Qd2 h6 20. Rac1 1/2-1/2

[Event "Gemuend op"]
[Site "Gemuend"]
[Date "1999.10.28"]
[Round "6"]
[White "Kreutz, Ernst"]
[Black "Hopf, Manfred"]
[Result "1/2-1/2"]
[WhiteElo "1439"]
[BlackElo "1537"]
[PlyCount "26"]
[EventDate "1999.10.24"]
[EventType "swiss"]
[EventRounds "7"]
[EventCountry "GER"]
[SourceTitle "EXT 2003"]
[Source "ChessBase"]
[SourceDate "2002.11.25"]
[SourceVersion "1"]
[SourceVersionDate "2002.11.25"]
[SourceQuality "1"]

1. e4 e5 2. Nf3 Nc6 3. Bb5 a6 4. Ba4 b5 5. Bb3 Nf6 6. 0-0 Be7 7. c3 0-0 8. Re1 d6 9. d4 exd4 10. cxd4 Na5 11. Nc3 Nxb3 12. Qxb3 Bb7 13. h3 c5 1/2-1/2

[Event "Gemuend op"]
[Site "Gemuend"]
[Date "1999.10.26"]
[Round "4"]
[White "Staresina, Mirko"]
[Black "Hopf, Manfred"]
[Result "1-0"]
[WhiteElo "1620"]
[BlackElo "1537"]
[PlyCount "143"]
[EventDate "1999.10.24"]
[EventType "swiss"]
[EventRounds "7"]
[EventCountry "GER"]
[SourceTitle "EXT 2003"]
[Source "ChessBase"]
[SourceDate "2002.11.25"]
[SourceVersion "1"]
[SourceVersionDate "2002.11.25"]
[SourceQuality "1"]

1. c4 Nf6 2. Nc3 e5 3. e4 Bb4 4. Nge2 c6 5. a3 Be7 6. g3 d5 7. cxd5 cxd5 8. exd5 Nxd5 9. Bg2 Nxc3 10. Nxc3 0-0 11. 0-0 Nc6 12. b4 Be6 13. Re1 a6 14. Bxc6 bxc6 15. Rxe5 Bf6 16. Re1 Qb6 17. Na4 Qb5 18. Nc3 Qf5 19. d4 Rfd8 20. Be3 Qh3 21. Qf3 Bg4 22. Qg2 Qxg2+ 23. Kxg2 Bxd4 24. Rac1 h6 25. Bxd4 Rxd4 26. Re4 Rxe4 27. Nxe4 Be6 28. f3 Bd5 29. Nc3 Be6 30. Kf2 Kf8 31. Ke3 f5 32. Kd4 Ke7 33. Kc5 Kd7 34. Rd1+ Kc7 35. Rd2 g5 36. Rd6 Bd7 37. Rxh6 Re8 38. Kd4 Re1 39. a4 Ra1 40. Ke3 Rc1 41. Kd2 Rf1 42. Rh7 Rxf3 43. b5 axb5 44. axb5 Rf2+ 45. Ke3 Rb2 46. bxc6 Kxc6 47. Rh6+ Kb7 48. Nd5 Bb5 49. Kd4 f4 50. gxf4 gxf4 51. Nxf4 Rd2+ 52. Kc5 Bd7 53. h4 Rc2+ 54. Kd5 Rd2+ 55. Ke5 Ra2 56. Rh7 Kc6 57. Rh6+ Kb7 58. Nd3 Kc7 59. Nf4 Ra5+ 60. Kd4 Ra4+ 61. Ke3 Ra3+ 62. Kd2 Ra2+ 63. Kc3 Ra3+ 64. Kb2 Ra5 65. Kc3 Ra3+ 66. Kb2 Ra5 67. Rh7 Kd8 68. h5 Bf5 69. Rg7 Ra6 70. Rg5 Rf6 71. Kc3 Ke7 72. Nd5+ 1-0

[Event "Gemuend op"]
[Site "Gemuend"]
[Date "1999.10.24"]
[Round "1"]
[White "Hopf, Manfred"]
[Black "Schmidt, Volker"]
[Result "1/2-1/2"]
[WhiteElo "1537"]
[BlackElo "1843"]
[PlyCount "71"]
[EventDate "1999.10.24"]
[EventType "swiss"]
[EventRounds "7"]
[EventCountry "GER"]
[SourceTitle "EXT 2003"]
[Source "ChessBase"]
[SourceDate "2002.11.25"]
[SourceVersion "1"]
[SourceVersionDate "2002.11.25"]
[SourceQuality "1"]

1. e4 c5 2. Nf3 e6 3. c3 d5 4. exd5 Qxd5 5. c4 Qd8 6. Be2 Nc6 7. 0-0 Nf6 8. Nc3 Be7 9. d3 0-0 10. Be3 Nd4 11. Bg5 a6 12. Ne4 b6 13. Nxd4 Qxd4 14. Nxf6+ Bxf6 15. Bxf6 Qxf6 16. Bf3 Rb8 17. Qc2 Rd8 18. Rad1 Rd4 19. Rfe1 Bb7 20. Bxb7 Rxb7 21. Qa4 Qd8 22. Qxa6 Rbd7 23. Re3 g6 24. Qa3 Rxc4 25. h3 Rcd4 26. Kf1 c4 27. Ke2 Qc7 28. g3 e5 29. f3 f5 30. Qc3 b5 31. b3 cxd3+ 32. Rdxd3 Qxc3 33. Rxc3 Rd2+ 34. Kf1 Rd1+ 35. Kf2 R7d2+ 36. Re2 1/2-1/2